000
00307nam a2200133Ia 4500
008
150731s2014 xx 000 0 und d
082
_a
611
_b
H 14 T
100
_a
TANDON, B.K.
245
_a
TB. OF HUMAN ANATOMY
250
_a
2 ND
260
_b
AHUJA PUB.DELHI
_c
2014
300
_a
253
942
_2
ddc
_c
BK
_0
49
999
_c
7948
_d
7948